Statistics for Madonna's 13 Albums

Click here to take the quiz!

General Stats

  • This quiz has been taken 811 times
    (150 since last reset)
  • The average score is 11 of 13

Answer Stats

Released Album % Correct
1984Like a Virgin
96%
1983Madonna
92%
1989Like a Prayer
90%
1986True Blue
88%
2000Music
87%
1992Erotica
82%
1998Ray of Light
82%
2003American Life
78%
1994Bedtime Stories
76%
2005Confessions on a Dance Floor
74%
2012MDNA
74%
2008Hard Candy
73%
2015Rebel Heart
72%

Score Distribution

Percentile by Number Answered

Percent of People with Each Score

Your Score History

You have not taken this quiz since the last reset